000 00853nas a2200253 4500
001 BR9201537
003 BR-BrBNA
005 20231205092420.0
007 ta
008 230509b bl.|||p| |||| 00| 00por d
040 _aBR-BrBNA
_bpor
_cBiblioteca Nacional de Agricultura
041 _a(Pt)
072 _aQ03
100 1 _aCarvalho, M. do C.
100 1 _aCarvalho, E.P. de
245 1 _aSobrevivencia e recuperacao de Salmonella typhimurium em sorvetes acidos de fabricacao caseira
246 1 _aSurvival and recovery of Salmonella typhimurium in homemade acid icecreams
650 _aSORVETE
650 _aCONTAMINACAO BACTERIANA
650 _aINDUSTRIA CASEIRA
773 0 _tCiencia e Pratica (Brazil)
_xISSN 0100-3267
_g(Sep-Dec 1990), v. 14(3) p. 334-343
_wBR9201537
909 _a202311
_bLúcia
_c55
_dLúcia Elande
942 _2AGRIS
_n0
_cANA
999 _c131554
_d131554